Initiation á la restauration des tableaux

Bibliographic Details
Main Author: Romain, Jean (Author)
Format: Book
Language:Undetermined
PhysicalDescription:63 s.
Published: Paris Bornemann 1973

MARC

LEADER 00000nam a2200000 a 4500
001 vtls001369916
003 SK-MaSNL
005 20260301115318.0
008 240316s1973 xx 0 und
035 |a SNK000323666 
040 |a SNK  |b slo  |c SNK  |e AACR2 
100 1 |a Romain, Jean  |4 aut  |9 460130 
245 1 |a Initiation á la restauration des tableaux 
260 |a Paris  |b Bornemann  |c 1973 
300 |a 63 s. 
958 |a OND 
999 |c 721685  |d 723615 
952 |t P60, <04>, [BOOK], {604}  |a SNK  |b SNK  |y VYP  |7 0  |p 17A0205680  |o snkIC 58069  |0 0  |1 0  |4 0  |d 1999-08-09  |l 0  |r 2005-01-02 00:00:00  |w 2026-02-23